000 02248nam a2200481 a 4500
003 BLK
005 20230717133436.0
008 180409b bul|||||r ||||||| ||bul||
010 _aKNG00149388000
020 _a978-954-927-685-5
040 _aBLK
041 _aBUL
_cBUL
072 7 _2bullib
_aН70
_xИзкуства Н
080 _aБалет. Режисьори
_b792.8.071.1
_x(497.2)(092)
_z792.8.071.1(497.2)(092)
080 _aБалетни танци (класически и модерни). Характерни танци. Вж и 78.085.5; 78.085.7; 792.8
_b793.32
_x(497.2)
_z793.32(497.2)
080 _aБългарска балерина, балетмайсторка
_b929 Арнаудова, Маргарита Димитрова
_z929 Арнаудова, Маргарита Димитрова
100 1 _aЯнева, Анелия Димитрова
_9365356
245 1 0 _aМаргарита Арнаудова
_bНе мога да отделя балета от себе си...
_cАнелия Димитрова Янева; ред. Симеон Василев.
257 _aBGR
260 _bСиВас Консултинг
_c2011
_fСофия : Спектър
_aСофия
300 _a271 с.
_bс ил., портр.
_c23 см
380 _a7
500 _aСъдържа: Именен показалец ; Библиогр. с. 248-260.
600 1 4 _aАрнаудова, Маргарита Димитрова
_9327924
650 4 _aБалет, български
_9250162
650 4 _aХореография, българска
_9250163
650 4 _aАрнаудова, Маргарита Димитрова
_9327924
651 4 _aБългария
_9241624
653 _aбалет
653 _aхореография
653 _aрежисьори
653 _aМаргарита Арнаудова
659 _aН
700 1 _aВасилев, Симеон
_eред.
_9327923
852 _aЦб 264258
_bЦб
856 4 _qpdf
856 4 _qpdf
942 _cKNG
_n0
944 _aCR
_c16.08.2013
_lРусанова Ирена
_k30542
944 _aED
_c17.07.2023
_kир
999 _c143271
_d143271
999 _d143271